| 000 | 01100cam a2200337 a 4500 | ||
|---|---|---|---|
| 001 | 16901757 | ||
| 003 | PILC | ||
| 005 | 20160104090835.0 | ||
| 008 | 110803s2012 maua 001 0 eng | ||
| 010 | _a 2011029644 | ||
| 020 | _a9780321753342 (hbk. : student edition) | ||
| 020 | _a9780321798336 | ||
| 020 | _a0321798333 | ||
| 040 |
_aDLC _cDLC _dDLC |
||
| 042 | _apcc | ||
| 050 | 0 | 0 |
_aQ 158.5 _b.H48 2012 |
| 082 | 0 | 0 | _a500.2 |
| 100 | 1 | _aHewitt, Paul G. | |
| 245 | 1 | 0 |
_aConceptual physical science / _cPaul G. Hewitt, John Suchocki, Leslie A. Hewitt. |
| 250 | _a5th edition. | ||
| 260 |
_aBoston : _bPearson, _c2012. |
||
| 300 |
_axx, 790 pages : _billustrations ; _c28 cm. |
||
| 500 | _a"International edition"--Cover. | ||
| 500 | _aIncludes index. | ||
| 650 | 0 |
_aPhysical sciences _vTextbooks. |
|
| 700 | 1 | _aSuchocki, John. | |
| 700 | 1 | _aHewitt, Leslie A. | |
| 906 |
_a7 _bcbc _corignew _d3 _eecip _f20 _gy-gencatlg |
||
| 942 |
_2lcc _cBK _kFOR |
||
| 999 |
_c289017 _d289017 |
||